Dějiny (na) Václaváku /

Hlavní autor: Strádal, Jiří, 1956-
Jazyk: Čeština
Vydáno: Třebíč : Akcent, Drahomír Rybníček, 2016
Vydání: Vydání první
Témata:
Fyzický popis: 127 stran ; 21 cm
Knihy
Uloženo v:
LEADER 01573nam a2200433 i 4500
001 nkc20162855796
003 CZ PrNK
005 20170110112356.0
007 ta
008 161122s2016 xr g 000 0 cze
015 |a cnb002855796 
020 |a 978-80-7497-167-9  |q (vázáno) 
035 |a (OCoLC)970631033 
040 |a ABA001  |b cze  |e rda 
043 |a e-xr---  |b e-xr-pg  |2 czenas 
072 7 |a 94(437)  |x Dějiny Česka a Slovenska  |2 Konspekt  |9 8 
080 |a 94(437.311)  |2 MRF 
080 |a (0.062)  |2 MRF 
100 1 |a Strádal, Jiří,  |d 1956-  |7 jx20050802061  |4 aut 
245 1 0 |a Dějiny (na) Václaváku /  |c Jiří Strádal 
246 3 0 |a Dějiny Václaváku 
250 |a Vydání první 
264 1 |a Třebíč :  |b Akcent, Drahomír Rybníček,  |c 2016 
300 |a 127 stran ;  |c 21 cm 
336 |a text  |b txt  |2 rdacontent 
337 |a bez média  |b n  |2 rdamedia 
338 |a svazek  |b nc  |2 rdacarrier 
651 7 |a Václavské náměstí (Praha, Česko)  |7 ge131371  |x dějiny  |2 czenas 
651 7 |a Česko  |7 ge128065  |x dějiny  |2 czenas 
651 9 |a Václavské náměstí Square (Prague, Czechia)  |x history  |2 eczenas 
651 9 |a Czechia  |x history  |2 eczenas 
655 7 |a populárně-naučné publikace  |7 fd131864  |2 czenas 
655 9 |a popular works  |2 eczenas 
910 2 |a BOA001  |b 2-1379.036 
990 |a BK 
995 |a 01 
991 |b 201612  |c NOV 
996 6 |b 2610689412  |c 2-1379.036  |l MZK  |r Sklad / do 1 hodiny  |n 1  |p p.v.  |w 001589417  |u 000010  |a 1  |e BOA001  |j MZK50  |s P 
996 7 |b 2610692679  |c 2-1379.036  |l MZK  |r Sklad / do 1 hodiny  |n 1  |p kup  |w 001589417  |u 000020  |a 1  |e BOA001  |j MZK50  |s A